000 00584nam a2200241Ia 4500
005 20250425162200.0
008 250425s9999 xx 000 0 und d
020 _a958648573
041 _aspa
043 _ack
082 _a658.15937
100 _aRODRIGUEZ VERA, RICARDO
245 0 _aCOSTOS APLICADOS A HOTELES Y RESTAURANTES
250 _a1A ED.
260 _aBOGOTA
260 _aColombia
_bECOE EDICIONES
_c1998
300 _a167
650 _aCONTABILIDAD
650 _aCOSTOS
650 _aRESTAURANTES, HOTELES Y SERVICIOS
942 _c01
010 _a54599
999 _c223986
_d223986